000 01212cam a2200349 i 4500
001 17771802
003 OSt
005 20230606132146.0
008 130611s2011 ke b 000 0 eng
010 _a 2012314943
020 _a9789966029003
020 _a9966029001
040 _aDLC
_beng
_cDLC
_erda
042 _apcc
_alcode
043 _af-ke---
082 _a354.0075
_bBAG
100 1 _aBagaka, James Obuya,
_d1976-
245 1 0 _aRestructuring the provincial administration:
_ban insider's view /
_cObuya Bagaka.
264 1 _aNairobi, Kenya :
_bSociety for International Development (SID), Regional Office for East & Southern Africa,
_c[2011]
300 _aviii, 20 pages ;
_c30 cm.
336 _atext
_2rdacontent
337 _aunmediated
_2rdamedia
338 _avolume
_2rdacarrier
490 0 _aSID constitution working paper ;
_vno. 3
504 _aIncludes bibliographical references (pages 16-17).
650 0 _aProvincial governments
_zKenya.
650 0 _aConstitutional law
_zKenya.
830 0 _aSID constitution working paper ;
_vno. 3.
906 _a7
_bcbc
_corigres
_d3
_encip
_f20
_gy-gencatlg
942 _2ddc
_cBK
999 _c673
_d673